Petit Bac - Constructeurs de Rollercoasters ou Montagnes Russes - Statistiques

Statistiques générales
  • Ce quiz a été pris 30 fois
  • Le résultat moyen est 6 sur 16
Statistiques - réponses
Hint Réponse % Correct
I Intamin
92%
M Mack
84%
V Vekoma
84%
B B&M
76%
G Gerstlauer
52%
R RMC
48%
Z Zierer
40%
A Arrow
32%
S Schwarzkopf
16%
T Togo
16%
P Premier Rides
12%
W Wiegand
12%
C CCI
8%
F Fabbri
8%
D Doppelmayr
4%
H Hopkins
0%
Aucun quiz correspondant
Distribution des résultats
% des personnes avec chaque résultat
Percentile par nombre de réponses
Votre historique - résultats
Vous n’avez pas pris ce quiz